000 00348nam a2200133Ia 4500
008 240624s9999 xx 000 0 und d
041 _aeng
082 _a823 MEN
100 _aMENACHERRY MATHEW VINCENT
245 _aARRACK IN THE AFTERNOON
260 _c2009
_aLondon
_bHarperCollins Publishers
300 _a315 : p. : cm. ; 21
365 _cRS
_b15
999 _c14550
_d14550